| 000 | nam a22 7a 4500 | ||
|---|---|---|---|
| 999 |
_c17545 _d17545 |
||
| 008 | 161128b xxu||||| |||| 00| 0 eng d | ||
| 050 | _aND 588 .M35W3 1953 | ||
| 100 | _aWalker Art Center | ||
| 245 |
_aGerhard Marcks/ _cWalker Art Center |
||
| 260 |
_aMinneapolis, Minnesota: _bWalker Art Center, _c1953 |
||
| 300 |
_a23p. : _bill. ; _ccm |
||
| 500 | _aIncludes references. | ||
| 650 | _aArt. | ||
| 942 |
_2lcc _cBOOKS _hND 588 .M35W3 1953 |
||